English for today. Book One: At Home and at School. Teacher's text.
Guardat en:
| Autor corporatiu: | |
|---|---|
| Format: | Llibre |
| Publicat: |
New York, USA:
The McGraw-Hill Book Company, Inc.,
1962.
|
| Col·lecció: | The English for Today.
|
| Matèries: | |
| Etiquetes: |
Afegir etiqueta
Sense etiquetes, Sigues el primer a etiquetar aquest registre!
|
MARC
| LEADER | 00000nam a22000007a 4500 | ||
|---|---|---|---|
| 003 | CL-VaPUC | ||
| 005 | 20230717172453.0 | ||
| 008 | 230622t1962 ||||| |||| 00| 0 eng d | ||
| 999 | |c 441234 |d 441232 | ||
| 040 | |c Pontificia Universidad Católica de Valparaíso | ||
| 082 | 0 | 4 | |2 21 |a 372.6521 NAT 1962 |
| 110 | 1 | |a National Council of Teachers of English |9 883414 | |
| 245 | 1 | 0 | |a English for today. |b Book One: At Home and at School. Teacher's text. |
| 260 | |a New York, USA: |b The McGraw-Hill Book Company, Inc., |c 1962. | ||
| 300 | |a 167 páginas. | ||
| 490 | 0 | |a The English for Today. | |
| 500 | |a c.1 Donación Marianne Oesterle. Memo EDU 8-06-2023 | ||
| 583 | |c 20230622 |k Catalogador Asistente | ||
| 650 | 1 | |a Lengua inglesa |x Estudio y enseñanza |9 883553 | |
| 650 | 1 | |a Gramatica inglesa |9 392981 | |
| 942 | |2 ddc |c BK | ||
| 952 | |0 0 |1 0 |2 ddc |4 0 |6 372_652100000000000_NAT_1962 |7 0 |8 A |9 590558 |a BIBEDU |b BIBEDU |c GEN |d 2023-06-22 |e Donación |i 5656692 |l 1 |o 372.6521 NAT 1962 |p 5656692 |r 2023-10-19 |s 2023-10-19 |t 1 |w 2023-06-22 |y BK |k CIT | ||